<?xml version="1.0" encoding="UTF-8"?>
<record
    xmlns:xsi="http://www.w3.org/2001/XMLSchema-instance"
    xsi:schemaLocation="http://www.loc.gov/MARC21/slim http://www.loc.gov/standards/marcxml/schema/MARC21slim.xsd"
    xmlns="http://www.loc.gov/MARC21/slim">

  <leader>00948nam a22002297a 4500</leader>
  <controlfield tag="005">20140430094316.0</controlfield>
  <controlfield tag="008">140430s2012    ck ado gr|||| 00| 0 spa d</controlfield>
  <datafield tag="020" ind1=" " ind2=" ">
    <subfield code="a">9789588323411</subfield>
  </datafield>
  <datafield tag="041" ind1="0" ind2=" ">
    <subfield code="a">spa</subfield>
  </datafield>
  <datafield tag="044" ind1=" " ind2=" ">
    <subfield code="a">ck</subfield>
  </datafield>
  <datafield tag="082" ind1="0" ind2="4">
    <subfield code="a">631.4</subfield>
    <subfield code="b">I24e</subfield>
  </datafield>
  <datafield tag="110" ind1="2" ind2=" ">
    <subfield code="a">Instituto Geogr&#xE1;fico Agust&#xED;n Codazzi</subfield>
    <subfield code="9">23885</subfield>
  </datafield>
  <datafield tag="245" ind1="1" ind2="0">
    <subfield code="a">Estudio semidetallado de suelos y zonificaci&#xF3;n de tierras en la media y baja Guajira</subfield>
    <subfield code="b">escala 1:25.000</subfield>
    <subfield code="c">Instituto Geogr&#xE1;fico Agust&#xED;n Codazzi</subfield>
  </datafield>
  <datafield tag="260" ind1="3" ind2=" ">
    <subfield code="a">Bogot&#xE1;</subfield>
    <subfield code="b">Imprenta Nacional de Colombia</subfield>
    <subfield code="c">2012</subfield>
  </datafield>
  <datafield tag="300" ind1=" " ind2=" ">
    <subfield code="a">832 p.</subfield>
    <subfield code="b">il., fot., tablas, gr&#xE1;ficas</subfield>
    <subfield code="c">28 cm</subfield>
    <subfield code="e">+ 1 CD-ROM; CID 034757</subfield>
  </datafield>
  <datafield tag="504" ind1=" " ind2=" ">
    <subfield code="a">Incluye bibliograf&#xED;a (p&#xE1;ginas 815 - 818)</subfield>
  </datafield>
  <datafield tag="650" ind1=" " ind2="4">
    <subfield code="a">Suelos</subfield>
    <subfield code="x"> Clasificaci&#xF3;n</subfield>
    <subfield code="z"> La Guajira (Colombia)</subfield>
    <subfield code="9">23886</subfield>
  </datafield>
  <datafield tag="650" ind1=" " ind2="4">
    <subfield code="a">Uso de la tierra</subfield>
    <subfield code="z"> La Guajira (Colombia)</subfield>
    <subfield code="9">23887</subfield>
  </datafield>
  <datafield tag="650" ind1=" " ind2="4">
    <subfield code="a">Climatolog&#xED;a</subfield>
    <subfield code="z"> La Guajira (Colombia)</subfield>
    <subfield code="9">23888</subfield>
  </datafield>
  <datafield tag="650" ind1=" " ind2="4">
    <subfield code="a">Qu&#xED;mica de suelos</subfield>
    <subfield code="z"> La Guajira (Colombia)</subfield>
    <subfield code="9">23889</subfield>
  </datafield>
  <datafield tag="942" ind1=" " ind2=" ">
    <subfield code="2">ddc</subfield>
    <subfield code="c">Impreso</subfield>
  </datafield>
  <datafield tag="999" ind1=" " ind2=" ">
    <subfield code="c">8415</subfield>
    <subfield code="d">8415</subfield>
  </datafield>
  <datafield tag="952" ind1=" " ind2=" ">
    <subfield code="0">0</subfield>
    <subfield code="1">0</subfield>
    <subfield code="2">ddc</subfield>
    <subfield code="4">0</subfield>
    <subfield code="7">0</subfield>
    <subfield code="8">GENERAL</subfield>
    <subfield code="I">INV2017</subfield>
    <subfield code="a">Venado</subfield>
    <subfield code="b">Venado</subfield>
    <subfield code="d">2014-04-30</subfield>
    <subfield code="e">Instituto</subfield>
    <subfield code="g">39000.00</subfield>
    <subfield code="l">0</subfield>
    <subfield code="o">LB-631.4 I24e</subfield>
    <subfield code="p">034758</subfield>
    <subfield code="r">2014-04-30 00:00:00</subfield>
    <subfield code="t">Ej. 1</subfield>
    <subfield code="w">2014-04-30</subfield>
    <subfield code="x">Donaci&#xF3;n</subfield>
    <subfield code="y">LIBRO</subfield>
  </datafield>
</record>
